| 000 -LEADER |
| fixed length control field |
01287pab a2200193 454500 |
| 008 - FIXED-LENGTH DATA ELEMENTS--GENERAL INFORMATION |
| fixed length control field |
180718b2003 xxu||||| |||| 00| 0 eng d |
| 100 ## - MAIN ENTRY--PERSONAL NAME |
| Personal name |
Tewari, Amitabh |
| 245 ## - TITLE STATEMENT |
| Title |
Water resource management in India: Issues and options |
| 260 ## - PUBLICATION, DISTRIBUTION, ETC. |
| Date of publication, distribution, etc. |
2003 |
| 300 ## - PHYSICAL DESCRIPTION |
| Extent |
p.411-420. |
| 362 ## - DATES OF PUBLICATION AND/OR SEQUENTIAL DESIGNATION |
| Dates of publication and/or sequential designation |
Jul-Sep |
| 520 ## - SUMMARY, ETC. |
| Summary, etc. |
Water being a finite yet indispensable and vulnerable source needs to be managed scientifically. This can be achieved by augmentation of water resources on one hand and conservation and judicious utilisation on the other. Agriculture being the most water intensive sector, appropriate techniques of irrigation, cropping and conservation need to be developed and applied. The authors are of the view that the time has come when `development mode' of water resources yields to `management mode'. The prime challenge is not just supply side innovations but to put into operation a range of corrective measures for consumption pattern. They conclude by emphasising that efficient water resources management calls for full participation of all stakeholders. - Reproduced. |
| 650 ## - SUBJECT ADDED ENTRY--TOPICAL TERM |
| Topical term or geographic name entry element |
Water resources management - India |
| 650 ## - SUBJECT ADDED ENTRY--TOPICAL TERM |
| Topical term or geographic name entry element |
Water resources management |
| 700 ## - ADDED ENTRY--PERSONAL NAME |
| Personal name |
Tewari, Suruchi |
| 773 ## - HOST ITEM ENTRY |
| Main entry heading |
Indian Journal of Public Administration |
| 908 ## - PUT COMMAND PARAMETER (RLIN) |
| Put command parameter |
N |
| 909 ## - |
| -- |
58584 |